书目信息 |
| 题名: |
基于风险的土壤环境分级分区方法与应用
|
|
| 作者: | 谷庆宝 编著 | |
| 分册: | ||
| 出版信息: | 北京 科学出版社 2018.10 |
|
| 页数: | x, 303页 | |
| 开本: | 26cm | |
| 丛书名: | 环保公益性行业科研专项经费项目系列丛书 | |
| 单 册: | ||
| 中图分类: | X21 | |
| 科图分类: | ||
| 主题词: | 土壤环境--tu rang huan jing--分级 | |
| 电子资源: | ||
| ISBN: | 978-7-03-058928-6 | |
| 000 | 01435nam 2200289 450 | |
| 001 | 0100011064 | |
| 005 | 20190905093952.0 | |
| 010 | @a978-7-03-058928-6@dCNY148.00 | |
| 100 | @a20190904d2018 em y0chiy50 ea | |
| 101 | 0 | @achi |
| 102 | @aCN@b110000 | |
| 105 | @aabk a 000yy | |
| 106 | @ar | |
| 200 | 1 | @a基于风险的土壤环境分级分区方法与应用@Aji yu feng xian de tu rang huan jing fen ji fen qu fang fa yu ying yong@f谷庆宝 ... [等] 编著 |
| 210 | @a北京@c科学出版社@d2018.10 | |
| 215 | @ax, 303页@c图, 地图@d26cm | |
| 225 | 2 | @a环保公益性行业科研专项经费项目系列丛书@Ahuan bao gong yi xing hang ye ke yan zhuan xiang jing fei xiang mu xi lie cong shu |
| 312 | @a英文题名取自封面 | |
| 320 | @a有书目 (第292-303页) | |
| 330 | @a本书主要从“污染源 —— 暴露途径 —— 受体”的角度构建基于风险的区域土壤环境分级分区方法。重点介绍了工矿企业环境风险、土壤环境质量与风险以及环境受体脆弱性状况评估的指标体系与风险等级划分方法, 开发了对应的信息化管理平台, 并对不同风险等级的土壤环境分区提出对应的管理对策, 同时将该方法成功运用到我国典型有色金属企业聚集区和石油化工企业聚集区的土壤环境分级分区中。 | |
| 410 | 0 | @12001 @a环保公益性行业科研专项经费项目系列丛书 |
| 510 | 1 | @aMethod and application of risk-based regionalization for soil environment@zeng |
| 606 | 0 | @a土壤环境@Atu rang huan jing@x分级 |
| 690 | @aX21@v5 | |
| 701 | 0 | @a谷庆宝@Agu qing bao@4编著 |
| 801 | 0 | @aCN@c20190905 |
| 905 | @a河南城建学院图书馆@dX21@eG461 | |
| 基于风险的土壤环境分级分区方法与应用/谷庆宝 ... [等] 编著.-北京:科学出版社,2018.10 |
| x, 303页:图, 地图;26cm.-(环保公益性行业科研专项经费项目系列丛书) |
| ISBN 978-7-03-058928-6:CNY148.00 |
| 本书主要从“污染源 —— 暴露途径 —— 受体”的角度构建基于风险的区域土壤环境分级分区方法。重点介绍了工矿企业环境风险、土壤环境质量与风险以及环境受体脆弱性状况评估的指标体系与风险等级划分方法, 开发了对应的信息化管理平台, 并对不同风险等级的土壤环境分区提出对应的管理对策, 同时将该方法成功运用到我国典型有色金属企业聚集区和石油化工企业聚集区的土壤环境分级分区中。 |
| ● |
| 相关链接 |
|
|
|
正题名:基于风险的土壤环境分级分区方法与应用
索取号:X21/G461
 
预约/预借
| 序号 | 登录号 | 条形码 | 馆藏地/架位号 | 状态 | 备注 |
| 1 | 1439418 | 214394181 | 自科库501/501自科库 94排2列4层/ [索取号:X21/G461] | 在馆 |